00693cam a2200193 a 450000100100000000500170001000800410002702000150006804000230008308200180010610000410012424500700016526000750023530000320031050400350034260000300037765000440040765000480045100000642120200929153929.0860827s1986 pr a b 001 f spa  a0865813795 aDO-SdBNPcDLCdDLC a863.09bB641M1 aMonserrat Gamiz, María del Carmen.10aTomas Blanco y "los vates" /cMaría del Carmen Monserrat Gamiz. aSan Juan, Puerto Rico :bInstituto de Cultura Puertorriqueña,c1986. aix, 347 p. :bil. ;c24 cm. aBibliografías: p. [297]-347.10aBLANCO, TOMAS.y1910-1990 4aNovela españolaxHistoria y crítica 4aLiteratura españolaxHistoria y crítica